000 00641cam a2200181I 4500
020 _a0804804524
020 _a9780804804523
020 _a0804804532
020 _a9780804804530
040 _cLBE
082 0 4 _a372 CHA 1965 A011 Or.
100 1 _aAraki, Chiyo
245 1 0 _aOrigami in the classroom
300 _a2 volumes :
_billustrations (some color) ;
_c27 cm
520 _aA collection of folded objects appropriate for American holidays that fall within the school year. Each object is accompanied with step-by-step instructions, appropriate grade level, time required, and list of materials
650 0 _aOrigami
942 _cEK
999 _c13631
_d13631